Jména sedmi trpaslíků - Statistics

General Stats
  • This quiz has been taken 31 times
  • The average score is 4 of 7
Answer Stats
% Correct
Šmudla
92%
Stydlík/Stydlín
69%
Doktor/Prófa
65%
Kejchal
65%
Brumla/Rejpal
54%
Hopla/Štístko
38%
Klimba/Dřímal
19%
No matching quizzes found
Score Distribution
Percent of People with Each Score
Percentile by Number Answered
Your Score History
You have not taken this quiz